Statystyki dla Chivas - RysunKOwY PoTwóR

Kliknij tutaj aby rozwiązać quiz!

Ogólne statystyki

  • Ten quiz został rozwiązany 10 razy
  • Średni wynik to 292 z 334

Statystyki odpowiedzi

Odpowiedź% Poprawnych
a
100%
albo
100%
ale
100%
anyż
100%
anyżu
100%
batmana
100%
chce
100%
chcę
100%
chyba
100%
czym
100%
daje
100%
death
100%
dużo
100%
go
100%
i
100%
ja
100%
jak
100%
je
100%
jego
100%
jest
100%
już
100%
kurwa
100%
mi
100%
mną
100%
mnie
100%
na
100%
niby
100%
nie
100%
nikt
100%
nim
100%
note
100%
o
100%
od
100%
on
100%
pierdolony
100%
po
100%
początku
100%
potwór
100%
przedawkowałem
100%
przytul
100%
pysk
100%
ramen
100%
rysunkowy
100%
się
100%
średnio
100%
stało
100%
to
100%
truflowy
100%
tupta
100%
w
100%
weź
100%
widzi
100%
wiedzą
100%
wiem
100%
wydałem
100%
z
100%
za
100%
że
100%
ze
100%
zepsuć
100%
zgadza
100%
zjadłem
100%
żyć
100%
anyżowy
88%
bo
88%
boję
88%
bym
88%
chodzisz
88%
chuj
88%
ciągle
88%
coś
88%
czuję
88%
dawno
88%
dlaczego
88%
do
88%
dogania
88%
gadam
88%
jesteś
88%
kawa
88%
kubeczku
88%
ma
88%
mam
88%
naprawdę
88%
narysowałem
88%
niego
88%
nienawidzę
88%
ścianach
88%
szkodzisz
88%
twoim
88%
tylko
88%
tym
88%
zapierdalał
88%
znajomymi
88%
jakbym
75%
lean
75%
mógł
75%
nadzieję
75%
piosenki
75%
poparzysz
75%
popisuję
75%
przecież
75%
tak
75%
tej
75%
uważaj
75%
znany
75%
aptekę
63%
balenci
63%
bardziej
63%
bawi
63%
brzuch
63%
dumę
63%
dusz
63%
dwa
63%
dziewięć
63%
głupie
63%
gucci
63%
lekarz
63%
może
63%
nią
63%
niż
63%
numer
63%
ogóle
63%
ostatni
63%
overdose
63%
pierdolę
63%
pocieszania
63%
poprostu
63%
próbuję
63%
rozbolał
63%
smuci
63%
stanie
63%
strasznie
63%
szmaty
63%
trzy
63%
trzymał
63%
tyle
63%
uciec
63%
umiem
63%
warszawy
63%
wyleczyłem
63%
zabić
63%
znajomi
63%
zrobiłem
63%
boli
50%
choć
50%
ciuchy
50%
dopiero
50%
którzy
50%
ludzie
50%
myślą
50%
ogarnę
50%
50%
sam
50%
sami
50%
samopoczucie
50%
słabe
50%
środku
50%
szczerze
50%
tańczą
50%
uciekaliśmy
50%
wokół
50%
zazwyczaj
50%
domku
38%
stałem
38%
także
38%
tego
38%
wejściu
38%
wracamy
38%
znowu
25%
jakokolwiek
13%
okej
13%

Rozkład punktacji

Percentyl według liczby udzielonych odpowiedzi

Procent ludzi z każdym wynikiem

Twoja historia wyników

Nie rozwiązałeś tego quizu